Kliknij miasta województwa pomorskiego na mapie - Statystyki

Ogólne statystyki
  • Ten quiz został rozwiązany 1 330 razy
  • Średni wynik to 24 z 43
Odpowiedzi na mapie
Odpowiedzi zakodowano w zielono-czerwonej skali na mapie do tego quizu, zgodnie z poniższymi procentami.
 
Statystyki odpowiedzi
Odpowiedź % Poprawnych
Gdańsk
86%
Hel
86%
Gdynia
85%
Sopot
83%
Władysławowo
77%
Jastarnia
76%
Łeba
75%
Pruszcz Gdański
74%
Słupsk
73%
Krynica Morska
71%
Puck
70%
Lębork
68%
Rumia
65%
Tczew
65%
Ustka
65%
Wejherowo
65%
Malbork
63%
Reda
63%
Kościerzyna
60%
Chojnice
59%
Kartuzy
58%
Bytów
57%
Nowy Dwór Gdański
56%
Starogard Gdański
54%
Żukowo
53%
Kwidzyn
52%
Człuchów
49%
Sztum
44%
Gniew
40%
Miastko
40%
Kobylnica
39%
Czarna Woda
38%
Nowy Staw
38%
Pelplin
38%
Skarszewy
38%
Brusy
37%
Czersk
36%
Dzierzgoń
35%
Prabuty
35%
Skórcz
34%
Kępice
32%
Czarne
31%
Debrzno
30%
Nie znaleziono quizów pasujących do podanych kryteriów
Rozkład punktacji
Procent ludzi z każdym wynikiem
Percentyl według liczby udzielonych odpowiedzi
Twoja historia wyników
Nie rozwiązałeś tego quizu